[Event "Wuerttemberg-chT Rapid"]
[Site "Boeblingen"]
[Date "2024.04.13"]
[Round "2.38"]
[White "Bodriyenko, Markiyan"]
[Black "Baur, Frank"]
[Result "1-0"]
[WhiteElo "1728"]
[BlackElo "2050"]
[PlyCount "103"]
[EventDate "2024.04.13"]
[EventType "team-tourn"]
[EventRounds "9"]
[EventCountry "GER"]
[SourceTitle "CBM 219 Extra"]
[Source "ChessBase"]
[SourceDate "2024.05.31"]
[SourceVersion "1"]
[SourceVersionDate "2024.05.31"]
[SourceQuality "1"]

1. e4 c5 2. Nf3 Nc6 3. c3 Nf6 4. e5 Nd5 5. d4 cxd4 6. cxd4 d6 7. Bc4 Nb6 8. Bb3 dxe5 9. Nxe5 Nxe5 10. dxe5 Qxd1+ 11. Bxd1 g6 12. Bb3 Bg7 13. f4 0-0 14. 0-0 Bf5 15. Nc3 Rac8 16. Be3 Rfd8 17. Rfd1 Bg4 18. Rxd8+ Rxd8 19. h3 Bf5 20. Kf2 g5 21. g4 gxf4 22. Bxb6 axb6 23. gxf5 Rd2+ 24. Kf3 Bxe5 25. Rd1 Rxb2 26. Ne4 Rh2 27. Nf2 h5 28. Rg1+ Kf8 29. Rg2 Rxg2 30. Kxg2 e6 31. fxe6 fxe6 32. Bxe6 b5 33. Nd3 Bd6 34. Kf3 Ke7 35. Bb3 Kf6 36. Nxf4 Kg5 37. Ng2 Kf5 38. Ne3+ Kg5 39. Ke4 Bc5 40. Nf5 b6 41. Nd4 b4 42. Ne6+ Kh4 43. Nxc5 bxc5 44. Be6 c4 45. Bxc4 Kxh3 46. Be6+ Kg3 47. Kd4 h4 48. Kc4 h3 49. Bxh3 Kxh3 50. Kxb4 Kg4 51. a4 Kf5 52. a5 1-0

[Event "Wuerttemberg-chT Rapid"]
[Site "Boeblingen"]
[Date "2024.04.13"]
[Round "6.30"]
[White "Bodriyenko, Markiyan"]
[Black "Lahouel, Kim Luca"]
[Result "1-0"]
[WhiteElo "1728"]
[BlackElo "1970"]
[PlyCount "103"]
[EventDate "2024.04.13"]
[EventType "team-tourn"]
[EventRounds "9"]
[EventCountry "GER"]
[SourceTitle "CBM 219 Extra"]
[Source "ChessBase"]
[SourceDate "2024.05.31"]
[SourceVersion "1"]
[SourceVersionDate "2024.05.31"]
[SourceQuality "1"]

1. e4 e5 2. Nc3 Nf6 3. Bc4 Bc5 4. d3 0-0 5. f4 d5 6. Nxd5 Nxd5 7. Bxd5 c6 8. Bb3 Nd7 9. Nf3 Qf6 10. f5 Qd6 11. Qe2 a5 12. a3 Nf6 13. Be3 a4 14. Ba2 b5 15. c3 Rd8 16. d4 exd4 17. cxd4 Nxe4 18. dxc5 Nxc5 19. 0-0 Nb3 20. Rad1 Qc7 21. Rxd8+ Qxd8 22. Rd1 Qe8 23. Bb6 Bxf5 24. Qxe8+ Rxe8 25. Bxb3 axb3 26. Rd8 Rxd8 27. Bxd8 c5 28. Kf2 Kf8 29. Ke3 Ke8 30. Bb6 c4 31. Ba5 Ke7 32. Nd4 Bd7 33. Bb4+ Kf6 34. Ne2 Bc6 35. g3 Kg5 36. h4+ Kg4 37. Be1 f5 38. Nd4 Bd7 39. Nf3 Be6 40. Ne5+ Kh3 41. Kf4 h6 42. Nf3 g6 43. Ne5 g5+ 44. hxg5 hxg5+ 45. Kxg5 Kg2 46. Kf4 Kf1 47. Bc3 Ke2 48. Nf3 Bd7 49. Nd4+ Kf2 50. Nxf5 Bxf5 51. Kxf5 Kxg3 52. Ke5 1-0

[Event "Wuerttemberg-chT Rapid"]
[Site "Boeblingen"]
[Date "2024.04.13"]
[Round "4.18"]
[White "Bodriyenko, Markiyan"]
[Black "Vaysberg, Alexander"]
[Result "1-0"]
[WhiteElo "1728"]
[BlackElo "2152"]
[PlyCount "115"]
[EventDate "2024.04.13"]
[EventType "team-tourn"]
[EventRounds "9"]
[EventCountry "GER"]
[SourceTitle "CBM 219 Extra"]
[Source "ChessBase"]
[SourceDate "2024.05.31"]
[SourceVersion "1"]
[SourceVersionDate "2024.05.31"]
[SourceQuality "1"]

1. e4 e5 2. Nc3 Nc6 3. Bc4 Nf6 4. d3 Bc5 5. f4 d6 6. Nf3 Bg4 7. Na4 Bb6 8. Nxb6 axb6 9. h3 Bxf3 10. Qxf3 Na5 11. 0-0 Nxc4 12. dxc4 Qe7 13. f5 Nd7 14. Qg4 f6 15. Bd2 Qf7 16. b3 g5 17. fxg6 hxg6 18. Rf2 Ke7 19. a4 Rag8 20. Raf1 Qe6 21. Qe2 Rf8 22. Rf3 f5 23. Bg5+ Ke8 24. exf5 gxf5 25. Qf2 f4 26. Re1 Qg6 27. Bxf4 Rxf4 28. Rxf4 Rxh3 29. Rh4 Rg3 30. Rh8+ Ke7 31. Rf1 Qg7 32. Rh2 Nc5 33. Qf5 Ne6 34. Rh7 Rxg2+ 35. Kh1 Nf4 36. Rxg7+ Rxg7 37. Re1 Rf7 38. Qg5+ Ke6 39. Qg4+ Ke7 40. b4 Kf6 41. c5 Rh7+ 42. Kg1 Rg7 43. Qxg7+ Kxg7 44. cxd6 cxd6 45. Kf2 Kf6 46. Kf3 Kf5 47. Rd1 d5 48. a5 bxa5 49. bxa5 e4+ 50. Kf2 Ke5 51. Rb1 d4 52. Rb5+ Nd5 53. Rxb7 e3+ 54. Ke1 Kd6 55. a6 Kc6 56. Rb3 Nc7 57. a7 Kc5 58. Rb8 1-0

[Event "Wuerttemberg-chT Rapid"]
[Site "Boeblingen"]
[Date "2024.04.13"]
[Round "8.38"]
[White "Bodriyenko, Markiyan"]
[Black "Wezel, Sebastian"]
[Result "1-0"]
[WhiteElo "1728"]
[BlackElo "1907"]
[PlyCount "91"]
[EventDate "2024.04.13"]
[EventType "team-tourn"]
[EventRounds "9"]
[EventCountry "GER"]
[SourceTitle "CBM 219 Extra"]
[Source "ChessBase"]
[SourceDate "2024.05.31"]
[SourceVersion "1"]
[SourceVersionDate "2024.05.31"]
[SourceQuality "1"]

1. e4 c5 2. Nf3 Nc6 3. c3 d5 4. exd5 Qxd5 5. d4 cxd4 6. cxd4 Bg4 7. Be2 e6 8. Nc3 Qd6 9. Be3 Nf6 10. 0-0 Be7 11. h3 Bh5 12. Qa4 Qb4 13. Qc2 Bg6 14. Bd3 Bxd3 15. Qxd3 0-0 16. a3 Qd6 17. Rad1 Rfd8 18. Nb5 Qd7 19. Bf4 Nd5 20. Bg3 a6 21. Nc3 b5 22. b4 Nxc3 23. Qxc3 Rac8 24. Qe3 Bf6 25. Ne5 Qd5 26. Nxc6 Rxc6 27. Be5 Rdc8 28. Bxf6 gxf6 29. Qf4 Kg7 30. Rd3 Rc3 31. Rfd1 Qg5 32. Qf3 Rxd3 33. Rxd3 Rc1+ 34. Kh2 Qd5 35. Qf4 Rc4 36. Rg3+ Kf8 37. Qxf6 Qxd4 38. Qh6+ Ke7 39. Qxh7 Qxf2 40. Rf3 Qc2 41. Rxf7+ Kd6 42. Rd7+ Ke5 43. Qg7+ Ke4 44. Re7 Rc6 45. Rxe6+ Rxe6 46. Qh7+ 1-0